Logo BPK

Biblioteka

Politechniki Koszalińskiej

Widok standardowy Widok MARC

Pozycja Nazwa osobowa

Liczba rekordów, w których użyto hasła: 1

001 - NUMER KONTROLNY

  • pole kontrolne: 33443

003 - IDENTYFIKATOR NUMERU KONTROLNEGO

  • pole kontrolne: BPK

005 - DATA I GODZINA OSTATNIEJ MODYFIKACJI

  • pole kontrolne: 20160209105115.0

008 - ELEMENTY DANYCH STAŁEJ DŁUGOŚCI

  • pole kontrolne stałej długości: 160209|| aca||aabn | a|a d

040 ## - ŹRÓDŁO OPISU

  • Instytucja, która jako pierwsza sporządziła opis: BPK
  • Instytucja, która utworzyła rekord: BPK

100 ## - DESKRYPTOR OSOBOWY

  • Deskryptor osobowy: Bowler, Bill.

670 ## - ŹRÓDŁO, W KTÓRYM ZNALEZIONO DANE

  • Źródło, w którym znaleziono dane: Work cat.: (BPK)50069: Cunningham, Sarah. 23211, Headway intermediate :, cop. 1990.
© 2023 Biblioteka Politechniki Koszalińskiej :: KOHA